000 00545nam a2200181Ia 4500
001 16340
005 20260306170302.0
008 260306t2010||||xx |||||||||||||| ||und||
041 _aESP
082 _a348.41
_bC78
100 _a[Corporación Azucarera del Perú S.A.]
_eAUT
245 0 _aComentarios al proyecto de ley que establece límites de extensión de la propiedad agraria en las zonas agrícolas de la costa
260 _c2010
300 _a372 páginas :
_c21 cm.
650 _aGEN
654 _aCDE
942 _cLIB
_dJUS
_fJUS
_2ddc
_n
999 _c16340
_d16340